Climatology of the United States. (Record no. 7384)

MARC details
000 -LEADER
fixed length control field 00736cam a22002171 4500
001 - CONTROL NUMBER
control field agr07000050
003 - CONTROL NUMBER IDENTIFIER
control field DLC
005 - DATE AND TIME OF LATEST TRANSACTION
control field 20260227110925.0
008 - FIXED-LENGTH DATA ELEMENTS--GENERAL INFORMATION
fixed length control field 800922s1906 dcuf f000 0 eng c
010 ## - LIBRARY OF CONGRESS CONTROL NUMBER
LC control number agr07000050
035 ## - SYSTEM CONTROL NUMBER
System control number (OCoLC)6739239
040 ## - CATALOGING SOURCE
Original cataloging agency U.S. Dept. of agr. Library 1W37Bu
Transcribing agency TM
Modifying agency DLC
050 00 - LIBRARY OF CONGRESS CALL NUMBER
Classification number QC983
Item number .H52
100 1# - MAIN ENTRY--PERSONAL NAME
Personal name Henry, Alfred Judson,
Dates associated with a name 1858-1931.
245 10 - TITLE STATEMENT
Title Climatology of the United States.
Statement of responsibility, etc. By Alfred Judson Henry.
260 ## - PUBLICATION, DISTRIBUTION, ETC.
Place of publication, distribution, etc. Washington,
Name of publisher, distributor, etc. Govt. print. off.,
Date of publication, distribution, etc. 1906.
300 ## - PHYSICAL DESCRIPTION
Extent 1012 p.
Other physical details xxxiii pl.
Dimensions 31 x 26 cm.
490 0# - SERIES STATEMENT
Series statement U.S. Weather bureau. Bulletin Q
500 ## - GENERAL NOTE
General note At head of title: W.B., no. 361 U.S. Department of agriculture. Weather bureau.
651 #0 - SUBJECT ADDED ENTRY--GEOGRAPHIC NAME
Geographic name United States
General subdivision Climate.

No items available.

Powered by Koha